00477 2200181 4500001002100000005001500021035002000036008004100056245007600097100002200173250000600195260003400201300001200235084001400247082000800261650001400269990001200283INLIS00000000000020520240502114437 a0010-0424000181240502 0 ind 1 aIslamic Rose Book : Sahabat Yang Datang dan Pergi 2 /cLinda D. Delgado aDelgado, Linda D. a1 aSolo :bTiga Serangkai,c2005 a216 hlm a200 LIN i a200 4aNon Fiksi a0732449